[Event "AUTO-MASTER-203"]
[Site "http://www.queenalice.com/game.php?id=96967"]
[Date "2006.8.18"]
[Round "1"]
[White "peao"]
[Black "mds"]
[Result "0-1"]
[WhiteElo "1830"]
[BlackElo "2100"]

1. e4 e5 2. Nf3 Nc6 3. Bb5 a6 4. Ba4 Nf6 5. O-O b5 6. Bb3 Be7 7. Bd5 O-O 8. Bxc6
dxc6 9. d3 Nd7 10. Nc3 c5 11. b3 Bd6 12. h3 Re8 13. Nh2 Nb6 14. f4 f6 15. f5 c4
16. bxc4 bxc4 17. Rf3 Bc5+ 18. Be3 Bd4 19. Bxd4 Qxd4+ 20. Rf2 Qxc3 0-1

[Event "AUTO-MASTER-204"]
[Site "http://www.queenalice.com/game.php?id=98542"]
[Date "2006.8.23"]
[Round "1"]
[White "rubenov"]
[Black "peao"]
[Result "0-1"]
[WhiteElo "1813"]
[BlackElo "1833"]

1. d4 d5 2. Bg5 h6 3. Bh4 Nf6 4. e3 e6 5. a3 Be7 6. Nc3 O-O 7. Nf3 Nc6 8. Bd3
Nh7 9. Bg3 Bd7 10. O-O a6 11. Nd2 f5 12. Nb3 Ng5 13. Ne2 Ne4 14. Nf4 Bd6 15.
Bxe4 fxe4 16. Qh5 Rf5 17. Qg4 e5 18. Nh5 Rg5 0-1

[Event "AUTO-MASTER-204"]
[Site "http://www.queenalice.com/game.php?id=98543"]
[Date "2006.8.23"]
[Round "1"]
[White "peao"]
[Black "rubenov"]
[Result "1-0"]
[WhiteElo "1848"]
[BlackElo "1775"]

1. e4 e5 2. Nf3 d6 3. h3 Nf6 4. Nc3 Nc6 5. Bb5 Bd7 6. O-O Be7 7. d3 O-O 8. Nh2
a6 9. Ba4 b5 10. Bb3 Nd4 11. Be3 Nxb3 12. axb3 c6 13. f4 exf4 14. Bxf4 Qb6+ 15.
Kh1 h6 16. e5 dxe5 17. Bxe5 Nd5 18. Nxd5 cxd5 19. Qf3 Be6 20. Ng4 Bd6 21. Nxh6+
Kh7 22. Bxd6 Qxd6 23. Nf5 Qe5 24. Qh5+ 1-0

[Event "AUTO-MASTER-204"]
[Site "http://www.queenalice.com/game.php?id=98555"]
[Date "2006.8.23"]
[Round "1"]
[White "peao"]
[Black "Bongski"]
[Result "0-1"]
[WhiteElo "1668"]
[BlackElo "2024"]

1. e4 c5 2. Nc3 Nc6 3. g3 g6 4. Bg2 Bg7 5. Nge2 Rb8 6. d3 b5 7. O-O b4 8. Na4 d6
9. c3 a5 10. Rb1 h5 11. f4 Bg4 0-1

[Event "AUTO-MASTER-204"]
[Site "http://www.queenalice.com/game.php?id=98562"]
[Date "2006.8.23"]
[Round "1"]
[White "peao"]
[Black "Ewaldinho"]
[Result "0-1"]
[WhiteElo "1840"]
[BlackElo "2053"]

1. e4 e5 2. Nf3 Nc6 3. Bb5 a6 4. Ba4 Nf6 5. O-O b5 6. Bb3 Bc5 7. d3 O-O 8. Bg5
d6 9. h3 h6 10. Bh4 g5 11. Bg3 Nh5 12. Kh1 Nxg3+ 13. fxg3 Kg7 14. Bd5 Qe8 15.
Nh2 f5 16. Nd2 Ra7 17. h4 Ne7 18. hxg5 hxg5 19. Bb3 Rh8 20. exf5 Rxh2+ 0-1

[Event "AUTO-MASTER-204"]
[Site "http://www.queenalice.com/game.php?id=98563"]
[Date "2006.8.23"]
[Round "1"]
[White "Ewaldinho"]
[Black "peao"]
[Result "1-0"]
[WhiteElo "2045"]
[BlackElo "1848"]

1. d4 d5 2. c4 e6 3. Nc3 Nf6 4. Bg5 Be7 5. Nf3 Nc6 6. cxd5 Nxd5 7. Bxe7 Ncxe7 8.
e3 Nxc3 9. bxc3 O-O 10. Bd3 Nd5 11. Qc2 g6 12. Qd2 Qf6 13. O-O c6 14. c4 Nb6 15.
Rfc1 Rd8 16. Qa5 h6 17. Ne5 Nd7 18. Ng4 Qg7 19. Qxd8+ 1-0

[Event "AUTO-MASTER-205"]
[Site "http://www.queenalice.com/game.php?id=99047"]
[Date "2006.8.24"]
[Round "1"]
[White "peao"]
[Black "mds"]
[Result "0-1"]
[WhiteElo "1732"]
[BlackElo "2106"]

1. e4 e5 2. Nf3 Nc6 3. Bb5 a6 4. Ba4 b5 5. Bb3 Bc5 6. O-O Nf6 7. d3 O-O 8. Bg5
h6 9. Bh4 Re8 10. Nc3 Be7 11. Bxf6 Bxf6 12. Bd5 Rb8 13. Bxc6 dxc6 14. h3 Be6 15.
Nh2 Bg5 0-1

[Event "AUTO-MASTER-205"]
[Site "http://www.queenalice.com/game.php?id=99048"]
[Date "2006.8.24"]
[Round "1"]
[White "mds"]
[Black "peao"]
[Result "1-0"]
[WhiteElo "2107"]
[BlackElo "1730"]

1. d4 d5 2. Nf3 Nf6 3. Bg5 e6 4. Nbd2 Be7 5. e3 O-O 6. Bd3 h6 7. Bh4 Nbd7 8. O-O
c5 9. c3 c4 10. Bc2 b5 11. Ne5 Nxe5 12. dxe5 Nd7 13. Bxe7 Qxe7 14. f4 f5 15. g4
g6 16. gxf5 gxf5 17. Qh5 Kh7 18. Kf2 Rg8 19. Rg1 Bb7 20. Nf3 Nc5 21. Ng5+ Rxg5
22. fxg5 Qf8 23. gxh6 Qxh6 24. Qxh6+ 1-0

[Event "AUTO-MASTER-205"]
[Site "http://www.queenalice.com/game.php?id=99049"]
[Date "2006.8.24"]
[Round "1"]
[White "peao"]
[Black "Mieke"]
[Result "0-1"]
[WhiteElo "1873"]
[BlackElo "1976"]

1. e4 e6 2. d4 d5 3. Nc3 Nf6 4. Bg5 dxe4 5. Nxe4 Be7 6. Nf3 Nxe4 7. Bxe7 Qxe7 8.
Bd3 Nf6 9. O-O c5 10. Bb5+ Bd7 11. Qd3 O-O 12. Bxd7 Nbxd7 13. Rfd1 cxd4 14. Qxd4
Rfd8 15. h3 Nb6 16. Qh4 Qc7 17. c3 Nc4 18. b3 Nb2 19. Rxd8+ Rxd8 20. c4 Nd3 21.
Rd1 h6 22. Qg3 Qa5 23. Ne5 Ne4 24. Qf3 Qxe5 25. Rxd3 Qa1+ 26. Kh2 Rxd3 27. Qxd3
Qh1+ 28. Kxh1 Nxf2+ 0-1

[Event "AUTO-MASTER-205"]
[Site "http://www.queenalice.com/game.php?id=99050"]
[Date "2006.8.24"]
[Round "1"]
[White "Mieke"]
[Black "peao"]
[Result "1-0"]
[WhiteElo "1988"]
[BlackElo "1861"]

1. e4 e6 2. d3 d5 3. Nd2 Nf6 4. Ngf3 dxe4 5. dxe4 Nc6 6. e5 Nd7 7. Bb5 Ne7 8.
O-O c6 9. Bd3 g6 10. Ne4 Nf5 11. g4 Ng7 12. Bh6 Rg8 13. Qe1 Be7 14. Rd1 Qc7 15.
Qc3 b6 16. Nd6+ Bxd6 17. exd6 Qxd6 18. Be4 Qc5 19. Qxc5 bxc5 20. Bxc6 Rb8 21.
Ne5 Ke7 22. Nxd7 Rxb2 23. Bg5+ f6 24. Bxf6+ 1-0

[Event "AUTO-MASTER-205"]
[Site "http://www.queenalice.com/game.php?id=99051"]
[Date "2006.8.24"]
[Round "1"]
[White "peao"]
[Black "razoman"]
[Result "1/2-1/2"]
[WhiteElo "1887"]
[BlackElo "1925"]

1. e4 c6 2. d4 d5 3. Nc3 dxe4 4. Nxe4 Bf5 5. Ng3 Be6 6. Nf3 Nf6 7. Be2 g6 8. O-O
Bg7 9. c3 O-O 10. Re1 Nbd7 11. Bd3 Qc7 12. Ng5 Bg4 13. f3 h6 14. Rxe7 hxg5 15.
fxg4 Qd6 16. Re1 Nh7 17. Ne4 Qd5 18. Qf3 Rae8 19. b3 Bxd4+ 20. cxd4 Qxd4+ 21.
Be3 Qxd3 22. Nxg5 Nxg5 23. Bxg5 Rxe1+ 24. Rxe1 Qxf3 25. gxf3 f6 26. Bd2 1/2-1/2

[Event "AUTO-MASTER-205"]
[Site "http://www.queenalice.com/game.php?id=99052"]
[Date "2006.8.24"]
[Round "1"]
[White "razoman"]
[Black "peao"]
[Result "1-0"]
[WhiteElo "1898"]
[BlackElo "1889"]

1. e4 e6 2. d4 d5 3. Nc3 Nf6 4. e5 Nfd7 5. a3 c5 6. Be3 Qb6 7. Na4 Qa5+ 8. c3
cxd4 9. b4 Qc7 10. cxd4 a6 11. Rc1 Qd8 12. Bd3 Nc6 13. Nf3 f6 14. O-O fxe5 15.
Nxe5 Ndxe5 16. dxe5 g6 17. Nb6 Rb8 18. Nxc8 Rxc8 19. Re1 Bg7 20. Bf4 O-O 21. Bg3
Qg5 22. f4 Qe7 23. Bb1 Bh6 24. Qg4 Nxe5 25. Qe2 Rxc1 26. Rxc1 Nc4 27. Ba2 Nxa3
28. Bxd5 Re8 29. Re1 Kf7 30. Qa2 Nb5 31. Rxe6 Qxb4 32. Re4+ 1-0

[Event "AUTO-MASTER-206"]
[Site "http://www.queenalice.com/game.php?id=100310"]
[Date "2006.8.28"]
[Round "1"]
[White "BergkampBra"]
[Black "peao"]
[Result "1-0"]
[WhiteElo "2112"]
[BlackElo "1726"]

1. d4 d5 2. c4 e6 3. Nc3 Nf6 4. Nf3 Bb4 5. Bg5 O-O 6. cxd5 exd5 7. e3 Bg4 8. Qb3
Bxc3+ 9. bxc3 b6 10. Bxf6 Qxf6 11. Qxd5 Nd7 12. Bb5 Bxf3 13. Qxf3 Qxf3 14. gxf3
1-0

[Event "AUTO-MASTER-206"]
[Site "http://www.queenalice.com/game.php?id=100311"]
[Date "2006.8.28"]
[Round "1"]
[White "peao"]
[Black "BergkampBra"]
[Result "0-1"]
[WhiteElo "1726"]
[BlackElo "2111"]

1. e4 c5 2. Nc3 Nc6 3. g3 g6 4. Bg2 Bg7 5. d3 d6 6. Nge2 e6 7. O-O Nge7 8. f4
O-O 9. Rb1 f5 10. exf5 Nxf5 11. Bxc6 bxc6 12. Ne4 Rb8 0-1